000 02292cam a22005534i 4500
003 PE-LiUPU
005 20250731172933.0
008 150623s r 000 0 d
020 _a0943872995
035 _a(Sirsi) i9780943872995
040 _aPE-LiUPU
_bspa
_cPE-LiUPU
_erda
049 _aPRUA
082 0 4 _a296.8
_bL63
_221
100 1 _aLiechty, Daniel,
_eautor.
245 1 0 _aSabbatarianism in the sixteenth century :
_bA page in the history of the radical reformation /
_cDaniel Liechty.
264 1 _aBerrien Springs, Michigan :
_bAndrews University Press,
_c1993.
300 _a94 páginas ;
_c23 centímetros
336 _atext
_2rdacontent
337 _aunmediated
_2rdamedia
338 _avolume
_2rdacarrier
504 _aIncluye bibliografía.
505 0 _aAnabaptist sabbatarianism in Silesia Moravia. -Unitarian sabbatarianism in Transylvania.
526 _aSEG42
526 _aSEG41
526 _aSEG40
526 _aSEG39
526 _aP94
526 _aP87
526 _aP86
526 _aP85
526 _aP77
526 _aP76
526 _aP35
650 0 4 _aAnabaptistas
_zRepública Checa - Moravia
_xHistoria
_ySiglo XVI.
650 0 4 _aAnabaptistas
_zSilesia, Baja (Polonia y Alemania)
_xHistoria
_ySiglo XVI.
650 0 4 _aSabatistas
_zRepública Checa - Moravia
_xHistoria
_ySiglo XVI.
650 0 4 _aSabatistas
_zRumanía - Transilvania
_xHistoria
_ySiglo XVI.
650 0 4 _aSabatistas
_zSilesia, Baja (Polonia y Alemania)
_xHistoria
_ySiglo XVI.
650 0 4 _aUnitarios
_zRumanía - Transilvania
_xHistoria
_ySiglo XVI.
942 _2ddc
_cBOOK
949 _a296.8 L63
_wDEWEY
_c1
_i44080
_lCCODEBUL1
_mBUL
_r0
_sY
_tBOOK
_u2015-6-24
_xTEOLOGIA
_PP35
_0COMPRA
_o.STAFF. Colección General
949 _a296.8 L63
_wDEWEY
_c2
_i54197
_lCCODEBUL1
_mBUL
_r0
_sY
_tBOOK
_u2015-6-24
_xTEOLOGIA
_PP35
_0COMPRA
_o.STAFF. Colección General
994 _aC0
_bPEPRU
596 _a1
999 _a296.8 L63
_wDEWEY
_c20960
_i44080
_f2021-11-11
_g5
_lCCODEBUL1
_mBUL
_r0
_sY
_tBOOK
_u2015-6-24
_xTEOLOGIA
_PP35
_0COMPRA
_o.STAFF. Colección General
_d20960
999 _a296.8 L63
_wDEWEY
_c2
_i54197
_f2021-11-11
_g5
_lCCODEBUL1
_mBUL
_r0
_sY
_tBOOK
_u2015-6-24
_xTEOLOGIA
_PP35
_0COMPRA
_o.STAFF. Colección General
980 _81
_gALBERTO SANCHEZ Responsable de Automatización